00678nam a2200181 a 450000100100000000500170001000800410002704000250006808200150009324500880010825000120019626000570020830000280026570000340029370000390032795201130036699900170047900002728420200930030726.0110331s200u dr a 000 0 spa d aDO-SdBNPbspacBNPHU axxxxbxxxx00aEscuela sin drogas /cpresentación Danilo Machado; prólogo Leopoldo Ml. Díaz. a2a. ed. a[Santo Domingo] :bFundación por la vida,c[200u]. a109 p. :bil. ;c20 cm.12aMachado, Daniloepres.95436012aDíaz, Leopoldo Ml.eprol.954361 0010718PDaPDbPDcCTd2011-03-31iLF1l0oxxxx xxxxp27284-10r2020-06-25w2020-06-25yLFPDZNo se presta c26776d26776